The Naughtiest Girl Again-2 (Record no. 12248)

MARC details
000 -LEADER
fixed length control field 00268nam a22000977a 4500
008 - FIXED-LENGTH DATA ELEMENTS--GENERAL INFORMATION
fixed length control field 230418b |||||||| |||| 00| 0 eng d
020 ## - INTERNATIONAL STANDARD BOOK NUMBER
International Standard Book Number 9780340910986
100 ## - MAIN ENTRY--PERSONAL NAME
Personal name Blyton Guid
9 (RLIN) 7607
245 ## - TITLE STATEMENT
Title The Naughtiest Girl Again-2
260 ## - PUBLICATION, DISTRIBUTION, ETC. (IMPRINT)
Place of publication, distribution, etc. London
Name of publisher, distributor, etc. Halder Children Books
Date of publication, distribution, etc. 2015
Holdings
Withdrawn status Lost status Source of classification or shelving scheme Damaged status Koha normalized classification for sorting Not for loan Home library Current library Shelving location Date acquired Total Checkouts Total Renewals Full call number Barcode Checked out Date last seen Date last checked out Price effective from Koha item type
    Dewey Decimal Classification   BLY_823_000000000000000   Good Samaritan School Library Good Samaritan School Library FICTION 04/18/2023 3 1 BLY823 BLY17499 08/20/2024 08/13/2024 08/13/2024 04/18/2023 BOOK

Powered by Koha